Najlepsze państwa w danym sporcie - Statystyki

Ogólne statystyki
  • Ten quiz został rozwiązany 61 razy
  • Średni wynik to 7 z 10
Statystyki odpowiedzi
Sport Państwo % Poprawnych
Siatkówka Polska
96%
Piłka nożna Argentyna
95%
Koszykówka Stany Zjednoczone
95%
Hokej Kanada
88%
Football amerykański Stany Zjednoczone
88%
Baseball Stany Zjednoczone
79%
Krykiet Indie
70%
Piłka ręczna Dania
56%
Curling Kanada
46%
Rugby Republika Południowej Afryki
28%
Nie znaleziono quizów pasujących do podanych kryteriów
Rozkład punktacji
Procent ludzi z każdym wynikiem
Percentyl według liczby udzielonych odpowiedzi
Twoja historia wyników
Nie rozwiązałeś tego quizu